00789 a2200181 4500008004100000020001800041040004800059041000800107100002400115245009300139260005600232300004400288490004300332504005300375650004400428650006900472650006600541130821s2012 enka gr eng  a9780857934321 aCO-BoUCMbspacAdriana LeóndHenry Ríos00aeng1 aHeidenreich, Martin10aInnovation and institutional embeddedness of multinational companiescMartin Heidenreich aLondres (Inglaterra)bEdward Elgar Publishingc2012 axix, 361 páginas,bgráficas, tablas1 aNew horizons in international business aIncluye referencias bibliográficas e índices 7aResponsabilidad social de los negocios  7aEmpresas internacionalesxAdministraciónxAspectos políticos 7aEmpresas internacionalesxAdministraciónxAspectos sociales